|
|
|
|
| LEADER |
00938nam a2200217 a 4500 |
| 001 |
GR-MES5463 |
| 008 |
991111u1985 gr m b gre d |
| 040 |
|
|
|a GrPaTEI
|b gre
|c GR-PaULI
|
| 040 |
|
|
|a GrPaTEI
|b gre
|c GR-PaULI
|
| 082 |
|
0 |
|a 338.18
|2 21
|
| 110 |
|
|
|a b
|
| 110 |
2 |
|
|a Υπουργείο Γεωργίας
|
| 245 |
1 |
0 |
|a Αγροτικές συνεταιριστικές οργανωσεις :
|b Νόμος 1541/1985 (ΦΕΚ. 68Α).
|
| 260 |
|
|
|a [χ.τ.] :
|b Υπουργείο γεωργίας,
|c 1985
|
| 300 |
|
|
|a 46σ. :
|b εικ. ;
|c 24εκ.
|
| 650 |
|
4 |
|a Γεωργία
|x Κοινωνικές απόψεις
|
| 650 |
|
4 |
|a Γεωργία
|z Ελλάς
|
| 942 |
|
|
|2 ddc
|
| 952 |
|
|
|0 1
|1 0
|2 ddc
|4 0
|6 338_180000000000000_ΑΓΡ
|7 0
|9 276044
|a MSLG
|b MSLG
|c SER
|d 2021-01-17
|e 24
|f 0
|g 0.00
|l 0
|o 338.18 ΑΓΡ
|p 2420000002827
|r 2021-01-17 00:00:00
|t 1
|w 2021-01-17
|y BK15
|x 20080214 0 1
|x GrPaTEI
|
| 971 |
|
|
|a .b25839305
|b 15-04-20
|c 14-09-16
|
| 999 |
|
|
|c 160058
|d 160058
|